Statistics for Советские фильмы

Click here to take the quiz!

General Stats

  • This quiz has been taken 181 times
  • The average score is 18 of 40

Answer Stats

Answer% Correct
Иван Васильевич меняет профессию, Л.Гайдай, Ю.Яковлев, Л.Куравлев, А.Демьяненко
83%
Кавказская пленница, или Новые приключения Шурика!, Л.Гайдай, А.Демьяненко, Ю.Никулин
80%
Ирония судьбы, или с легким паром, Э.Рязанов, А.Мягков, Б.Брыльская, Ю.Яковлев,
78%
Иван Грозный, Эйзенштейн, Н.Черкасов
73%
Операция "Ы" и другие приключения Шурика, Л.Гайдай, А.Демьянко, Е.Моргунов, Ю.Никулин
73%
Бриллиантовая рука, Л.Гайдай, Ю.Никулин, А.Миронов
72%
Любовь и голуби, В.Меньшов, А.Михайлов, Н.Дорошина, Л.Гурченко
68%
Собачье сердце, В.Бортко, Е.Евстигнеев, Б.Плотников, В.Толоконников
64%
12 стульев, Л.Гайдай, М.Пуговкин, С.Филиппов, Гомиашвили
61%
Кин-дза-дза!, Г.Данелия, С.Любшин, Е.Леонов, Ю.Яковлев, Л.Габриадзе
56%
Белое солнце пустыни, В.Мотыль, А.Кузнецов, П.Луспекаев, С.Мишулин, К.Кавсадзе, Н.Годовиков
54%
Джентельмены удачи, А.Серый, Е.Леонов, Г.Вицин, С.Крамаров, Р.Муратов
53%
Александр Невский, Эйзенштейн, Н.Черкасов
53%
Мимино, Г.Данелия, В.Кикабидзе, Ф.Мкртчян
53%
Берегись автомобиля, Э.Рязанов, И.Смоктуновский, О.Ефремов
51%
12 стульев, М.Захаров, А.Миронов, А.Папанов
51%
Москва слезам не верит, В.Меньшов, В.Алентова, А.Баталов, И.Муравьева, Р.Рязанова
48%
В бой идут одни старики, Л.Быков, В.Талашко, Л.Быков, А.Смирнов
47%
А зори здесь тихие, С.Ростоцкий, А.Мартынов, О.Остроумова, И.Долганова
46%
Судьба человека, С.Бондарчук, П.Борискин, П.Волков, С.Бондарчук, З.Кириенко
44%
Война и мир, С.Бондарчук, В.Тихонов, С.Бондарчук, Л.Савельева
43%
Иди и смотри, Э.Климов, А.Кравченко, Л.Ляуцявичюс, О.Миронова
43%
Карнавальная ночь, Э.Рязанов, И.Ильинский, Л.Гурченко
42%
Афоня, Г.Данелия, Л.Куравлев, Е.Симонова, Е.Леонов
41%
Жестокий романс, Э.Рязанов, Л.Гузеева, А.Фрейндлих, Н.Михалков, А.Мягков
39%
Броненосец Потемкин, Эйзенштейн, А.Антонов
38%
Место встречи изменить нельзя, С.Говорухин, В.Высоцкий, В.Конкин
35%
Они сражались за Родину, С.Бондарчук, В.Тихонов, С.Бондарчук, Ю.Никулин
33%
Сталкер, А.Тарковский, А.Фрейндлих, А.Кайдановский, А.Солоницын, Н.Гринько
33%
Я шагаю по Москве, Г.Данелия, Н.Михалков, А.Локтев, Е.Стеблов, Г.Польских
28%
Золотой теленок, М.Швейцар, С.Юрский, Л.Куравлев, З.Гердт, Е.Евстигнеев
26%
Осенний марафон, Г.Данелия, О.Басилашвили, Н.Гундарева, М.Неелова
24%
Свой среди чужих, чужой среди своих, Н.Михалков, Ю.Богатырев, С.Шакуров, А.Солоницын, А.Кайдановский
24%
Солярис, А.Тарковский, Н.Бондарчук, Д.Банионис
22%
Служебный роман, Э.Рязанов, А.Фрейндлих, А.Мягков
20%
Волга-Волга, Г.Александров, Л.Орлова, И.Ильинский
19%
Андрей Рублев, А.Тарковский, А.Солоницын, И.Лапиков, Н.Гринько, Н.Бурляев
16%
Асса, С.Соловьев, С.Бугаев, С.Говорухин, Т.Друбич
14%
Веселые ребята, Г.Александров, Л.Утесов, Л.Орлова, М.Стрелкова
13%
Неоконченная повесть, Ф.Эрмлер, С.Бондарчук, Э.Быстрицкая
7%

Score Distribution

Percentile by Number Answered

Percent of People with Each Score

Your Score History

You have not taken this quiz